000 00287nam a2200121Ia 4500
008 150201s1997 xx 000 0 und d
082 _a616.07
_bC97M
100 _aMCKEE,GRACE T
245 _aCYTOPATHOLOGY
260 _bMOSBY ELSEVIER
_aDELHI
_c1997
650 _aPATHOLOGY
942 _2ddc
_cBK
999 _c996
_d996